000 00825nam a22001817a 4500
005 20260122160827.0
008 230718b ||||| |||| 00| 0 eng d
040 _cSSBUL
_dSSBUL
082 _223
_a၉၅၉.၁၁၆ ဖေ ၁၆၁၁၇ (S-SAT)
100 0 _aဖေခင်၊
_cဦး။
_95893
245 _aကိုယ်တွေ့ပင်လုံ /
_cဦးဖေခင်။
260 _aရန်ကုန်၊
_bကြေးမုံသတင်းစာတိုက်၊
_c၁၉၉၀။
300 _a၁၅၆ စာမျက်နှာ၊
_bဓာတ်ပုံများ၊
_c၂၃ စင်တီ။
500 _aS-SAT: Dr. Prof Sai Aung Tun
651 _aပင်လုံ။
_928114
651 _aမြန်မာနိုင်ငံ
_vသမိုင်း။
_912387
942 _2ddc
_cBK1
999 _c27306
_d27306